| 000 | 00946cam a2200313 i 4500 | ||
|---|---|---|---|
| 001 | 200444952 | ||
| 999 |
_c200444952 _d63164 |
||
| 003 | TR-AnTOB | ||
| 005 | 20240824073710.0 | ||
| 007 | ta | ||
| 008 | 730727s1971 fr bs 000 0 eng | ||
| 010 | _a 73163255 | ||
| 015 | _aF*** | ||
| 040 |
_aDLC _beng _erda _cDLC _dDLC _dTR-AnTOB |
||
| 041 | 0 | _aeng | |
| 050 | 0 | 4 |
_aLA183 _b.O74 1971 |
| 090 |
_aLA183 _b.O74 1971 |
||
| 110 | 2 |
_aOrganisation for Economic Co-operation and Development _933753 |
|
| 245 | 1 | 0 |
_aDevelopment of higher education, 1950-1967 : _banalytical report. |
| 264 | 1 |
_a[Paris] : _bOrganisation for Economic Cooperation and Development, _c[1971] |
|
| 300 |
_a269 pages ; _c27 cm |
||
| 336 |
_atext _btxt _2rdacontent |
||
| 337 |
_aunmediated _bn _2rdamedia |
||
| 338 |
_avolume _bnc _2rdacarrier |
||
| 504 | _aBIB | ||
| 650 | 0 |
_aEducation, Higher _vStatistics _924484 |
|
| 942 |
_2lcc _cBK |
||